[Event "Eastern Asia-ch U14 Girls"]
[Site "Tornelo INT"]
[Date "2021.10.22"]
[Round "2"]
[White "Rajarajeshwari, Yogesh Deshmukh"]
[Black "Tejaswini, G."]
[Result "0-1"]
[WhiteElo "1235"]
[BlackElo "1499"]
[PlyCount "112"]
[EventDate "2021.10.22"]
[EventType "swiss"]
[EventRounds "9"]
[EventCountry "NET"]
[SourceTitle "EXT 2023"]
[Source "ChessBase"]
[SourceDate "2022.10.05"]
[SourceVersion "1"]
[SourceVersionDate "2022.10.05"]
[SourceQuality "1"]

1. e4 c5 2. Nf3 d6 3. Bb5+ Nd7 4. d4 cxd4 5. Nxd4 a6 6. Bxd7+ Bxd7 7. c4 Nf6 8. Nc3 Rc8 9. Qe2 Qc7 10. b3 b5 11. Nd5 Nxd5 12. cxd5 Qc3+ 13. Qd2 Qxa1 14. 0-0 Qc3 15. Qd1 g6 16. Be3 Bg7 17. Re1 0-0 18. h3 e5 19. dxe6 fxe6 20. Ne2 Qc7 21. Bf4 e5 22. Qd5+ Kh8 23. Be3 Bc6 24. Qd3 Rcd8 25. Nc3 Qb7 26. Bg5 Rd7 27. Nd5 Bxd5 28. exd5 Rdf7 29. f3 Rc8 30. Qe4 Qd7 31. Qb4 Qc7 32. Rc1 Qb6+ 33. Kh2 Rxc1 34. Bxc1 Qc5 35. Qd2 Rc7 36. Qg5 Rc8 37. Be3 Qc7 38. Qg4 Rf8 39. Qe6 Qd8 40. Qg4 Qf6 41. Qb4 e4 42. f4 Qf5 43. Qxd6 Qf6 44. Qc5 Kg8 45. d6 Qf5 46. Qc6 Bh6 47. g3 Rc8 48. d7 Rxc6 49. d8Q+ Bf8 50. Qd2 Rd6 51. Qc2 Qd5 52. Qe2 Qd3 53. Qe1 Rc6 54. Kg1 Rc2 55. Bf2 Qd2 56. Qf1 e3 0-1